<?xml version="1.0" encoding="UTF-8"?>
<record
    xmlns:xsi="http://www.w3.org/2001/XMLSchema-instance"
    xsi:schemaLocation="http://www.loc.gov/MARC21/slim http://www.loc.gov/standards/marcxml/schema/MARC21slim.xsd"
    xmlns="http://www.loc.gov/MARC21/slim">

  <leader>03227cam a22002774a 4500</leader>
  <controlfield tag="001">12721495</controlfield>
  <controlfield tag="005">20131009135538.0</controlfield>
  <controlfield tag="008">020327s2003    njua     b    001 0 eng  </controlfield>
  <datafield tag="010" ind1=" " ind2=" ">
    <subfield code="a">  2002021823</subfield>
  </datafield>
  <datafield tag="020" ind1=" " ind2=" ">
    <subfield code="a">0130993042</subfield>
  </datafield>
  <datafield tag="020" ind1=" " ind2=" ">
    <subfield code="a">9780130993045</subfield>
  </datafield>
  <datafield tag="082" ind1="0" ind2="0">
    <subfield code="a">625.8</subfield>
    <subfield code="2">21</subfield>
    <subfield code="b">ATK</subfield>
  </datafield>
  <datafield tag="100" ind1="1" ind2=" ">
    <subfield code="a">Atkins, Harold N.</subfield>
    <subfield code="9">33995</subfield>
  </datafield>
  <datafield tag="245" ind1="1" ind2="0">
    <subfield code="a">Highway materials, soils, and concretes /</subfield>
    <subfield code="c">Harold N. Atkins.</subfield>
  </datafield>
  <datafield tag="250" ind1=" " ind2=" ">
    <subfield code="a">4th ed.</subfield>
  </datafield>
  <datafield tag="260" ind1=" " ind2=" ">
    <subfield code="a">Upper Saddle River :</subfield>
    <subfield code="b">Prentice Hall,</subfield>
    <subfield code="c">c2003.</subfield>
  </datafield>
  <datafield tag="300" ind1=" " ind2=" ">
    <subfield code="a">viii, 383 p. :</subfield>
    <subfield code="b">ill. ;</subfield>
    <subfield code="c">24 cm.</subfield>
  </datafield>
  <datafield tag="504" ind1=" " ind2=" ">
    <subfield code="a">Includes bibliographical references (p. 371-373) and index.</subfield>
  </datafield>
  <datafield tag="505" ind1="8" ind2=" ">
    <subfield code="a">Machine generated contents note: CHAPTER 1 Engineering Properties of Soils, 1 -- 1-1 Soil Types, 1 -- 1-2 Mass-Volume Relations, 5 -- 1-3 Classification Tests, 15 -- 1-4 Soil Classification, 24 -- 1-5 Soil Water, 31 -- 1-6 Soil Strength and Settlement, 41 -- 1-7 Test Procedures, 49 -- 1-8 Problems, 63 -- CHAPTER 2 Soils Investigation, 76 -- 2-1 Soil Deposits, 76 -- 2-2 Field Investigation Techniques, 77 -- 2-3 Laboratory Testing, 90 -- 2-4 Soils Reports, 90 -- 2-5 Problems, 94 -- CHAPTER 3 Compaction, 97 -- 3-1 Maximum Dry Density, 97 -- 3-2 Field Density, 103 -- 3-3 Compaction Operations and Quality Control, 108 -- 3-4 Test Procedures, 113 -- 3-5 Problems, 116 -- CHAPTER 4 Aggregates, 121 -- 4-1 Aggregate Sources, 121 -- 4-2 Aggregate Terms and Types, 127 -- 4-3 Aggregate Strength, 128 -- 4-4 Properties, 130 -- 4-5 Specifications, 139 -- 4-6 Sampling and Testing, 143 -- 4-7 Blending Aggregates, 147 -- 4-8 Test Procedures, 148 -- 4-9 Problems, 156 -- CHAPTER 5 Pavement Structure and Base, 162 -- 5-1 Pavement Structure, 162 -- 5-2 Thickness Design, 167 -- 5-3 Subgrade Construction, 179 -- 5-4 Granular Base and Subbase Courses, 184 -- 5-5 Stabilized Base and Surface Courses, 188 -- 5-6 Geosynthetics, 192 -- 5-7 The Strategic Highway Research Program, 196 -- 5-8 Inspection and Quality Control, 196 -- 5-9 Test Procedures, 197 -- 5-10 Problems, 200 -- CHAPTER 6 Asphalt Pavements and Materials, 204 -- 6-1 Asphalt Paving Materials, 204 -- 6-2 SuperpaveTM Asphalt Binders, 212 -- 6-3 Asphalt Concrete-Properties, 216 -- 6-4 Aggregates, 227 -- 6-5 Asphalt Concrete Mix Design, 232 -- 6-6 The SuperpaveTM Mix Design, 240 -- 6-7 Stone Matrix Asphalt, 248 -- 6-8 Production and Paving, 250 -- 6-9 Inspection and Quality Control, 257 -- 6-10 Asphalt Concrete Recycling, 262 -- 6-11 Other Asphalt Surfaces, 265 -- 6-12 Test Procedures, 265 -- 6-13 Problems, 271 -- CHAPTER 7 Portland Cement Concrete, 277 -- 7-1 Portland Cement, 277 -- 7-2 Properties of Portland Cement Concrete, 284 -- 7-3 Basic Tests, 294 -- 7-4 Admixtures, 297 -- 7-5 Supplementary Cementing Materials, 299 -- 7-6 Materials, 301 -- 7-7 Mix Design, 306 -- 7-8 Trial Mixes, 314 -- 7-9 High-Strength Concrete, 326 -- 7-10 Mixing, Placing, and Curing, 333 -- 7-11 Concrete Pavements, 337 -- 7-12 Whitetopping, 339 -- 7-13 Inspection and Quality Control, 342 -- 7-14 Special Concretes, 347 -- 7-15 Test Procedures, 349 -- 7-16 Problems, 359.</subfield>
  </datafield>
  <datafield tag="650" ind1=" " ind2="0">
    <subfield code="a">Road materials.</subfield>
    <subfield code="9">18850</subfield>
  </datafield>
  <datafield tag="650" ind1=" " ind2="0">
    <subfield code="a">Soils.</subfield>
    <subfield code="9">33996</subfield>
  </datafield>
  <datafield tag="650" ind1=" " ind2="0">
    <subfield code="a">Concrete.</subfield>
    <subfield code="9">33997</subfield>
  </datafield>
  <datafield tag="650" ind1=" " ind2="0">
    <subfield code="a">Pavements.</subfield>
    <subfield code="9">33998</subfield>
  </datafield>
  <datafield tag="653" ind1=" " ind2=" ">
    <subfield code="b">Civ</subfield>
    <subfield code="c">October2013</subfield>
  </datafield>
  <datafield tag="942" ind1=" " ind2=" ">
    <subfield code="2">ddc</subfield>
    <subfield code="c">BB</subfield>
  </datafield>
  <datafield tag="999" ind1=" " ind2=" ">
    <subfield code="c">17626</subfield>
    <subfield code="d">17598</subfield>
  </datafield>
  <datafield tag="952" ind1=" " ind2=" ">
    <subfield code="0">0</subfield>
    <subfield code="1">0</subfield>
    <subfield code="2">ddc</subfield>
    <subfield code="4">0</subfield>
    <subfield code="7">0</subfield>
    <subfield code="8">Baccah</subfield>
    <subfield code="a">MAIN</subfield>
    <subfield code="b">MAIN</subfield>
    <subfield code="c">1ST</subfield>
    <subfield code="d">2013-10-09</subfield>
    <subfield code="e">purchase</subfield>
    <subfield code="l">2</subfield>
    <subfield code="m">50</subfield>
    <subfield code="o">625.8 ATK</subfield>
    <subfield code="p">000029352</subfield>
    <subfield code="r">2025-07-15 00:00:00</subfield>
    <subfield code="s">2014-10-02</subfield>
    <subfield code="y">BB</subfield>
  </datafield>
  <datafield tag="952" ind1=" " ind2=" ">
    <subfield code="0">0</subfield>
    <subfield code="1">0</subfield>
    <subfield code="2">ddc</subfield>
    <subfield code="4">0</subfield>
    <subfield code="7">0</subfield>
    <subfield code="8">Baccah</subfield>
    <subfield code="a">MAIN</subfield>
    <subfield code="b">MAIN</subfield>
    <subfield code="c">1ST</subfield>
    <subfield code="d">2013-10-09</subfield>
    <subfield code="e">purchase</subfield>
    <subfield code="l">5</subfield>
    <subfield code="m">67</subfield>
    <subfield code="o">625.8 ATK</subfield>
    <subfield code="p">000029353</subfield>
    <subfield code="r">2025-07-15 00:00:00</subfield>
    <subfield code="s">2017-10-30</subfield>
    <subfield code="y">BB</subfield>
  </datafield>
</record>
